Loading...
| History - European | 0 | 6 | 0 | 0 | 60 | 24 | 56.67 | 1 | 3 | 0.00 | 0.00 |
| History - World | 0 | 5 | 0 | 1 | 50 | 30 | 76.20 | 0 | 1 | 0.00 | 0.00 |
| Religion | 0 | 5 | 1 | 0 | 45 | 25 | 56.20 | 1 | 2 | 0.00 | 0.00 |
| Philosophy | 0 | 4 | 0 | 0 | 40 | 55 | 70.50 | 0 | 0 | 0.00 | 0.00 |
| History - American | 0 | 4 | 1 | 0 | 35 | 60 | 72.25 | 0 | 2 | 0.00 | 0.00 |
| History - Other | 0 | 2 | 0 | 0 | 20 | 60 | 74.50 | 0 | 1 | 0.00 | 0.00 |
| Science - Chemistry | 0 | 2 | 0 | 0 | 20 | 60 | 67.00 | 1 | 1 | 0.00 | 0.00 |
| Social Science | 0 | 2 | 2 | 0 | 10 | 72 | 81.00 | 0 | 0 | 0.00 | 0.00 |
| Literature - World | 0 | 1 | 0 | 0 | 10 | 97 | 97.00 | 0 | 1 | 0.00 | 0.00 |
| Mythology | 0 | 1 | 0 | 0 | 10 | 38 | 38.00 | 0 | 0 | 0.00 | 0.00 |
| Science - Biology | 0 | 1 | 0 | 0 | 10 | 60 | 60.00 | 0 | 1 | 0.00 | 0.00 |
| Current Events | 0 | 1 | 0 | 0 | 10 | 70 | 70.00 | 0 | 0 | 0.00 | 0.00 |
| Geography | 0 | 1 | 1 | 0 | 5 | 84 | 84.00 | 0 | 0 | 0.00 | 0.00 |
| Science - Other | 0 | 1 | 2 | 0 | 0 | 42 | 42.00 | 1 | 1 | 0.00 | 0.00 |
| Science - Physics | 0 | 0 | 1 | 0 | -5 | 0.00 | 0 | 0 | 0.00 | 0.00 |